Welcome to CU Library Online Public Access Catalogue (OPAC)

Research Methods for Social Work/ (Record no. 9028)

MARC details
000 -LEADER
fixed length control field 00506nam a22001817a 4500
005 - DATE AND TIME OF LATEST TRANSACTION
control field 20260313152452.0
008 - FIXED-LENGTH DATA ELEMENTS--GENERAL INFORMATION
fixed length control field 260313b |||||||| |||| 00| 0 eng d
020 ## - INTERNATIONAL STANDARD BOOK NUMBER
International Standard Book Number 9780495100775
020 ## - INTERNATIONAL STANDARD BOOK NUMBER
International Standard Book Number 0495100773
050 ## - LIBRARY OF CONGRESS CALL NUMBER
Classification number HV11
Item number .R84 RUB
100 ## - MAIN ENTRY--PERSONAL NAME
Personal name Rubin Allen
245 ## - TITLE STATEMENT
Title Research Methods for Social Work/
Statement of responsibility, etc. Allen Rubin & Earl R. Babbie
250 ## - EDITION STATEMENT
Edition statement 6th Ed.
260 ## - PUBLICATION, DISTRIBUTION, ETC.
Place of publication, distribution, etc. Australia
Name of publisher, distributor, etc. Thomson Brooks/Cole
Date of publication, distribution, etc. 2008
500 ## - GENERAL NOTE
General note Includes Index
700 ## - ADDED ENTRY--PERSONAL NAME
Personal name Babbie Earl R.
942 ## - ADDED ENTRY ELEMENTS (KOHA)
Source of classification or shelving scheme Library of Congress Classification
Koha item type Books
Edition 6th Ed.
Suppress in OPAC No
999 ## -
-- 9028
-- 9028
Holdings
Withdrawn status Lost status Source of classification or shelving scheme Damaged status Not for loan Collection Home library Current library Shelving location Date acquired Total checkouts Full call number Barcode Date last seen Copy number Price effective from Koha item type
    Library of Congress Classification     Non-fiction Business Library (Miotso) Business Library (Miotso) General stacks 03/11/2026   HV11 .R84 RUB BSSM00002747 03/13/2026 1 03/11/2026 Books
© 2023-2024 Copyright: Central University Libraries. All Rights Reserved | Created by: Mahone Tech Office